Statistics for Modern countries that the Central powers owned

Click here to take the quiz!

General Stats

  • This quiz has been taken 38 times
    (10 since last reset)
  • The average score is 34 of 47

Answer Stats

ContinentCountry% Correct
EuropeLithuania
90%
EuropeAustria
80%
EuropeBosnia and Herzegovina
80%
EuropeBulgaria
80%
AfricaCameroon
80%
EuropeCroatia
80%
EuropeCzech Republic
80%
EuropeDenmark
80%
EuropeEstonia
80%
EuropeFrance
80%
EuropeLatvia
80%
OceaniaMarshall Islands
80%
EuropeMontenegro
80%
AfricaNamibia
80%
Asia/ EuropeRussia
80%
EuropeSerbia
80%
EuropeSlovakia
80%
EuropeSlovenia
80%
AfricaTanzania
80%
EuropeUkraine
80%
EuropeAlbania
70%
EuropeBelgium
70%
AsiaGeorgia
70%
EuropeGermany
70%
EuropeHungary
70%
AsiaIraq
70%
AsiaIsrael
70%
AsiaJordan
70%
EuropeKosovo
70%
AsiaLebanon
70%
EuropeMacedonia
70%
OceaniaPalau
70%
OceaniaPapua New Guinea
70%
EuropeRomania
70%
OceaniaSamoa
70%
AsiaSaudi Arabia
70%
AsiaSyria
70%
AfricaTogo
70%
Asia/ EuropeTurkey
70%
AsiaYemen
70%
EuropeBelarus
60%
AfricaEgypt
60%
AfricaGabon
60%
OceaniaMicronesia
60%
AfricaZambia
50%
AfricaMozambique
40%
AsiaQatar
40%

Score Distribution

Percentile by Number Answered

Percent of People with Each Score

Your Score History

You have not taken this quiz since the last reset